| 000 | 00917nam a2200241 a 4500 | ||
|---|---|---|---|
| 003 | MX-MxUPN | ||
| 005 | 20240305135756.0 | ||
| 008 | 240220s2023 mx ao||fr|||| 000 0 spa d | ||
| 020 | _a9786075519487 | ||
| 040 |
_aMX-MxUPN _bspa _cMX-MxUPN |
||
| 041 | 0 | _aspa | |
| 050 | 1 | 4 |
_aLB1649 _bM63 2023 LM |
| 245 | 0 | 0 |
_aCiencias y tecnología : _bQuímica : libro para el maestro : telesecundaria : tercer grado |
| 246 | 1 | 4 |
_aLibro para el maestro : _bciencias y tecnología : Química : tercer grado |
| 250 | _aSegunda edición. | ||
| 260 |
_aCiudad de México : _bSecretaría de Educación Pública, Comisión Nacional de Libros de Texto Gratuitos, _c2023 |
||
| 300 |
_a174 páginas : _bilustraciones, fotografías |
||
| 490 | 0 | _aTelesecundaria | |
| 650 |
_aQuímica _xEstudio y enseñanza (Secundaria) |
||
| 902 |
_aGCH200224 _bVíctor Ruiz/050324 |
||
| 942 |
_2lcc _cLIBRO _n0 |
||
| 999 |
_c211024 _d211024 |
||